Japan portfolio : Swiss mutual fund for Japanese securities

Guardat en:
Dades bibliogràfiques
Format: Llibre
Idioma:Undetermined
Publicat: [Japan] 1872
Matèries:
Etiquetes: Afegir etiqueta
Sense etiquetes, Sigues el primer a etiquetar aquest registre!
Thư viện lưu trữ: Trung tâm Học liệu Trường Đại học Cần Thơ
LEADER 00461nam a2200169Ia 4500
001 CTU_96719
008 210402s9999 xx 000 0 und d
082 |a 332.6 
082 |b J35/1974 
245 0 |a Japan portfolio : 
245 0 |b Swiss mutual fund for Japanese securities 
260 |a [Japan] 
260 |c 1872 
650 |a Banks and banking,Finance 
650 |z Japan,Japan 
904 |i M.Loan 
980 |a Trung tâm Học liệu Trường Đại học Cần Thơ